Poesía religiosa
Guardat en:
| Autors principals: | , |
|---|---|
| Format: | Llibre |
| Idioma: | espanyol |
| Publicat: |
Santiago
Ercilla
1984
|
| Col·lecció: | Los Mejores Libros de la Literatura Española, 18
|
| Matèries: | |
| Etiquetes: |
Afegir etiqueta
Sense etiquetes, Sigues el primer a etiquetar aquest registre!
|
MARC
| LEADER | 00000cam a2200000 a 4500 | ||
|---|---|---|---|
| 001 | UCF8270 | ||
| 003 | CL-VaPUC | ||
| 008 | 130808e19840900cl |||||||||||||||||spa|d | ||
| 082 | 0 | 4 | |a 861 |b TER |2 21 |
| 100 | 0 | |a Santa Teresa de Jesús |e author |9 313710 | |
| 700 | 0 | |a San Juan de la Cruz |e author |9 317648 | |
| 245 | 1 | 0 | |a Poesía religiosa |
| 300 | |a 206 p | ||
| 942 | |c BK | ||
| 945 | |d 20130808 11:32:00 |a dcastane | ||
| 260 | |a Santiago |b Ercilla |c 1984 | ||
| 650 | 0 | |a Poesía religiosa |9 339588 | |
| 650 | 0 | |a Literatura religiosa |9 266283 | |
| 650 | 7 | |a LITERATURA RELIGIOSA ESPAÑOLA |2 CL-VaPUC |9 314131 | |
| 650 | 0 | |a Poesías españolas |9 265100 | |
| 650 | 7 | |a PROSA ESPAÑOLA |2 CL-VaPUC |9 321304 | |
| 583 | |a last modification |c 20130808 11:32:00 |k Rodrigo Vera | ||
| 490 | 0 | |a Los Mejores Libros de la Literatura Española, 18 | |
| 999 | |c 352890 |d 352888 | ||